00989cam a2200217 a 450000100100000000500170001000800410002704000250006808200200009311000750011324500850018826000440027330000210031749000730033865100430041161000560045461000420051083000810055295201230063399900150075600000167020200929145645.0840608s1961 it b 001 0 ita  aDO-SdBNPdspadBNPHU a945.4541bB693r1 aItalia.bMinistero Dell´Interno.bArchivio di Stato Di Bologna.9542710aRiformagioni e provvigioni del Comune di Bologna dal 1248 al 1400 :binventario. aRoma :bMinistero Dell´Interno,c1961. a382 p. ;c25 cm.1 aMinistero Dell´Interno Pubblicazioni degli Archivi Di Statovno. 48 4aBolonia (Italia{Rpara}xHistoria9542814aBOLONIA (ITALIA)bARCHIVOS NACIONAL DE ITALIA9542914aITALIAbMINISTERIO DEL INTERIOR95430 0aMinistero Dell´Interno Pubblicazioni degli Archivi Di Stato ;vno. 4895431 001052708MOaGRbGRcCTd2009-09-14iLF1l0o945.4541 B693rp1670-10r2020-06-25w2020-06-25y2ZPréstamo interno c1551d1551